|
|
|
|
| LEADER |
00000nab a2200000 a 4500 |
| 001 |
vtls008889417 |
| 003 |
SK-MaSNL |
| 005 |
20260304144911.0 |
| 008 |
250505c2006 xo |||||||||||000 b|slo |
| 015 |
|
|
|a SNBRB2006/12
|2 snkbucl
|
| 035 |
|
|
|a (uuid)1aa967df-9306-430b-ab1f-8a9c2d773cd7
|
| 035 |
|
|
|a urn:nbn:sk:snk-abyxu
|
| 035 |
|
|
|a (urnnbn)urn:nbn:sk:snk:ar-a03tal
|
| 038 |
|
|
|a SNKBUCL
|
| 040 |
|
|
|a SNKBUCL
|b slo
|c SNKBUCL
|e AACR2
|
| 041 |
0 |
|
|a slo
|
| 044 |
|
|
|a xo
|c SK
|
| 080 |
|
|
|a 636.09-051
|2 1997
|
| 080 |
|
|
|a 619-051
|2 1997
|
| 080 |
|
|
|a 929 Majerčiak, Miloš
|2 1997
|
| 245 |
0 |
0 |
|a Za MVDr. Milošom Majerčiakom, PhD.
|c kolektív ŠVPÚ Nitra
|
| 300 |
|
|
|b Fotogr.
|
| 600 |
1 |
7 |
|a Majerčiak, Miloš,
|d 1956-2006
|2 snkbucl
|9 189699
|
| 650 |
0 |
7 |
|a veterinárni lekári
|2 snkbucl
|9 70095
|
| 655 |
|
7 |
|a nekrológy
|2 snkbucl
|9 402542
|
| 773 |
0 |
|
|t Slovenský veterinársky časopis = Slovak veterinary journal
|g Roč. XXXI, č. 4 (2006), s. 270
|x 1335-0099
|
| 850 |
|
|
|a Slovenská národná knižnica
|
| 852 |
|
|
|a Slovenská národná knižnica
|
| 954 |
|
|
|a odborná, vedecká literatúra pôvodná (slovenská)
|2 lita
|
| 958 |
|
|
|a article27
|
| 958 |
|
|
|a SK
|
| 958 |
|
|
|a BX
|
| 958 |
|
|
|a OND
|
| 958 |
|
|
|a EUIPO
|
| 999 |
|
|
|c 2933840
|d 2935770
|